00776ncm a22002055a 4500001001100000005001700011008004100028080001600069100004100085245005100126254002300177260004500200300006300245490006900308500002300377500011600400500002600516650001700542852001100559C00057338c20241029150429.0071016s1891 ddrsyb n 1 ger d a785.1.082.11 aBruckner, Joseph Anton (d1824-1896)10aSymphonie nº 7, E dur / cvon Anton Bruckner. a[Kleine Partitur]. aLeipzig : bErnst Eulenburg, c[d. 1891] aPartitura (168 p.) ; c19 cm + e1 invitación de teatro.0 aEulenburg's kleine Orchester Partitur Ausgabe. Symphonien ; v65 aN. pl.: E.E. 3637. aFecha de publicación tomada de "The new Grove dictionary of music and musicians", vol. 6, Stanley Sadie 1980. aLegado Pérez Casas. aSinfonías.4 jM-2287